003650000a220010900045001000030000002450035000303000053000657730022001189420008001409520090001489990017002381 aGevirtz, Stanley (1929- )10aAsher in the blessing of Jacob aVol. 37, Num. 2 (Abril, 1987), Páginas 154-1630 tVetus Testamentum cANA 001040708HEMaFUSBCbFUSBCd2016-01-26l0o r2016-01-26 00:00:00w2016-01-26yANA c57309d57309